000 00539nam a2200229 a 4500
001 nice12345678
003 IN_TiNIC
005 20260116011251.0
008 050524s1924 lona grp 000 0 eng
020 _a
_c100
082 0 0 _a242.2
_bSCM
245 _aHighways of the Spirit
260 _aLondon
_bScm Press
_c1924
300 _a397p
500 _aincludes index and biblioraphy
505 2 _aIndex
650 _aPrayer-Christianity
710 2 _aStudent Christian Movement
902 _bSRS
942 _cBK
999 _c26
_d26